00860nam a2200229 i 4500003000900000005001700009007000300026008004100029040003000070082001400100100000300114110006700117245002500184264009600209300002700305336002700332337003300359338002800392700000300420740009900423740010800522DO-SdBNP20240307083513.0ta240307s1997 dr a 000 0 spa d aDO-SdBNPbspacBNPHUerda 4222bC733m  aComisión Organizadora Permanente.b Feria Nacional del Libro aManual del expositor 1aSanto Domingo :bComisión Organizadora Permanente de la Feria Nacional del Libro, c1997. a15 páginas :c22 cm. 2rdacontentatextobtxt 2rdamediaasin mediaciónbn 2rdacarrieravolumenbnc 0 aThe great change : the social and economic transformation of the Dominican Republic, 1963-20130 aLe grand changement : la transformation sociale et économique de la Republique Dominicaine, 1963-2013